| 000 | 02131nam0a2200349 4500 | ||
|---|---|---|---|
| 001 | RU\NLR\BIBL_A\011893173 | ||
| 005 | 20220523105244.0 | ||
| 010 |
_a978-5-93633-144-2 _9200 |
||
| 021 |
_aRU _bКН-П-18-088461 _9КН-П-18-6421 |
||
| 035 | _a(NLR Aleph) 011893173 | ||
| 035 | _a(RuMoRGB)009812915 | ||
| 090 |
_a10842216 _c10842216 |
||
| 100 | _a20181217d2018 k y0rusy50 ca | ||
| 101 | 0 | _arus | |
| 102 | _aRU | ||
| 105 | _aach|z|||100zy | ||
| 200 | 1 |
_aМатериалы VIII Конференции исследований территории (КИТ) "Пешком в историю", [28 января 2018 года _eсборник докладов] _fVIII Норильская региональная открытая конференция исследователей территории, Управление по делам культуры и искусства Администрации г. Норильск [и др. _gглавный редактор: Л.Н. Стрючкова] |
|
| 210 |
_aНорильск _cАПЕКС _d2018 |
||
| 215 |
_a95 с. _cил., портр., факс. _d20 |
||
| 320 | _aБиблиогр. в конце ст. | ||
| 333 | _a12+ | ||
| 606 | 1 |
_aГеографические исследования _jСъезды, совещания и т.п _yТаймыр, полуостров (Северо-Восток Азиатской части РФ) _92272924 _3RU\NLR\AUTH\6601591057 |
|
| 607 |
_aТаймыр, полуостров (Северо-Восток Азиатской части РФ) _jСъезды, совещания и т.п _xИстория _92520375 _3RU\NLR\AUTH\661493537 |
||
| 686 | 1 | _aД890(2Р54-4Кра-6Т)я431 | |
| 686 | 1 | _aТ3(2Р-4Кра-6Т)я431 | |
| 702 | 1 |
_aСтрючкова _bЛ. Н. _gЛариса Николаевна _4340 |
|
| 710 | 1 | 2 |
_aНорильская городская открытая конференция исследователей территории _d8 _f2018 _9643225 _3RU\NLR\AUTH\880491495 |
| 942 | _cBOOK | ||
| 980 | _aNB | ||